00246nam a22001097a 4500003000400000082001800004100002300022245002500045260002500070300000800095653003300103SGT a617.525bH26S aSachdev, Neelakshi aHair transplantation aGurugrambSGTUc2026 a202 aOral & Maxillofacial Surgery